00638nam a2200169Ia 4500008004000000020001800040082001600058100003400074245005600108260004000164300001100204650002400215690002200239906001100261999001900272952017700291210210b2000 xxu||||| |||| 00| 0 eng d a81 7132 244 1 a328.54 NAII aNAIR (Jeevan) and JAIN (U C). aIndian parliamnet privileges, powers and functions. aJaipur.bPointer Publishers.,c2000 avi,312 aIndian Parliament  aPolitical Science a057119 c104788d104788 001040708Political ScienceaALbALcPolitical Scienced2021-02-17eStandard Book Company, Bangalore.g650.00l0o328.54 NAIIp057119r2021-02-17 00:00:00w2021-02-17yBK